000 00685nai a22002057a 4500
003 OSt
005 20170601162233.0
008 170321b xxu||||| |||| 00| 0 eng d
022 _a07977-888X
040 _aBMC
_cBMC
082 _a338.1
245 0 0 _aBiodiversidad, sustento y culturas
_b: abril
_cCarmen Améndola, editora
260 _aBarcelona
_bREDES-AT
_bGRAIN
_c2005
300 _a40 p.
_c28 cm
490 _aRedes, amigos de la tierra
_v44
505 _aContiene: Libre de la propiedad intelectual: hacia la convergencia de movimientos.- La campaña de semillas del MST
650 2 4 _96390
_aAgricultura integrada
700 1 _940880
_aAméndola, Carmen‏
942 _2ddc
_cPR
999 _c27369
_d27369